| 000 | 00517nam a2200193Ia 4500 | ||
|---|---|---|---|
| 003 | OSt | ||
| 005 | 20250120163349.0 | ||
| 008 | 210210b1978 xxu||||| |||| 00| 0 eng d | ||
| 040 | _cAL | ||
| 041 | _aKannada | ||
| 082 | _aK894.4 SHRN | ||
| 100 |
_aSHRIKANTHAYYA (T Nam) ಶ್ರೀಕಂಠಯ್ಯ(ತೀ ನಂ) _9139605 |
||
| 245 |
_aNantaru _bನಂಟರು |
||
| 260 |
_aBengaluru _bPre-University _c1978 |
||
| 300 | _avi,149 | ||
| 690 |
_aKannada Prose _9139606 |
||
| 906 | _aSG01047 | ||
| 942 |
_2ddc _cBK |
||
| 999 |
_c112176 _d112176 |
||